Minecraft Double Life: All Death Messages - Statistics

General Stats
  • This quiz has been taken 98 times
  • The average score is 11 of 21
Answer Stats
Hint Answer % Correct
14. Renthedog (bigbst4tz2) was skewered by a falling stalactite
71%
1. Tango (SolidarityGaming) was blown up by Creeper
69%
17. Grian (GoodTimeWithScar) was obliterated by a sonically-charged shriek
65%
12. SolidarityGaming (Tango) was slain by Enderman
65%
7. PearlescentMoon (Smajor1995) was slain by Smallishbeans
65%
4. ZombieCleo (InTheLittleWood) fell from a high place
63%
6. Smallishbeans (Etho) fell from a high place
63%
18. Etho (Smallishbeans) tried to swim in lava
63%
19. BdoubleO100 (impulseSV) was slain by PearlescentMoon
63%
2. Smallishbeans (Etho) was slain by Enderman
58%
11. GoodTimeWithScar (Grian) was slain by Zombie
54%
3. Renthedog (bigbst4tz2) was slain by Enderman
48%
5. bigbst4tz2 (Renthedog) was blown up by Creeper
46%
10. BdoubleO100 (impulseSV) was slain by Renthedog
46%
15. Smajor1995 (PearlescentMoon) went off with a bang
46%
13. GoodTimeWithScar (Grian) blew up
42%
16. ZombieCleo (InTheLittleWood) drowned
42%
9. SolidarityGaming (Tango) fell from a high place
42%
21. Smajor1995 (PearlescentMoon) was blown up by Smajor1995
40%
20. ZombieCleo (InTheLittleWood) fell from a high place
38%
8. impulseSV (BdoubleO100) fell from a high place
35%
No matching quizzes found
Score Distribution
Percent of People with Each Score
Percentile by Number Answered
Your Score History
You have not taken this quiz